000
00307nam a2200121Ia 4500
008
190216s9999||||xx |||||||||||||| ||und||
100
_a
"Raisahmad, Naseem Ahmad S"
245
0
_a
Quest For New Science
260
_b
Centre For Studies On Science
_c
1984
300
_a
269p
650
_a
Science
942
_c
REF
999
_c
35512
_d
35512